Count your way through China / (Record no. 7928)

MARC details
000 -LEADER
fixed length control field 00989nam a22003017a 4500
001 - CONTROL NUMBER
control field 7928
003 - CONTROL NUMBER IDENTIFIER
control field FISKH
005 - DATE AND TIME OF LATEST TRANSACTION
control field 20250814095426.0
008 - FIXED-LENGTH DATA ELEMENTS--GENERAL INFORMATION
fixed length control field 250814b cb ||||| |||| 00| 0 eng d
020 ## - INTERNATIONAL STANDARD BOOK NUMBER
International Standard Book Number 9780876144862
040 ## - CATALOGING SOURCE
Original cataloging agency FISKH
Language of cataloging eng
Transcribing agency FISKH
Modifying agency FISKH
050 ## - LIBRARY OF CONGRESS CALL NUMBER
Classification number DS706 .H39
082 ## - DEWEY DECIMAL CLASSIFICATION NUMBER
Classification number 951
100 ## - MAIN ENTRY--PERSONAL NAME
Personal name Haskins, Jim
Dates associated with a name (1941–2005)
245 ## - TITLE STATEMENT
Title Count your way through China /
Statement of responsibility, etc. By Jim Haskins ; Illustrations by Dennis Hockerman
250 ## - EDITION STATEMENT
Edition statement This edition first published in 1987
260 ## - PUBLICATION, DISTRIBUTION, ETC.
Place of publication, distribution, etc. Minneapolis :
Name of publisher, distributor, etc. Millbrook,
Date of publication, distribution, etc. 1987
300 ## - PHYSICAL DESCRIPTION
Extent 20 unnumbered pages :
Other physical details color illustrations ;
Dimensions 20 x 23 cm
505 ## - FORMATTED CONTENTS NOTE
Formatted contents note R<br/>
520 ## - SUMMARY, ETC.
Summary, etc. Presents the numbers one through ten in Chinese, using each number to introduce concepts about China and Chinese culture.<br/>
521 8# - TARGET AUDIENCE NOTE
Target audience note 700<br/>
Source Lexile<br/>
521 8# - TARGET AUDIENCE NOTE
Target audience note R<br/>
Source Raz-Plus<br/>
650 ## - SUBJECT ADDED ENTRY--TOPICAL TERM
Source of heading or term China
Topical term or geographic name entry element Asia
650 ## - SUBJECT ADDED ENTRY--TOPICAL TERM
Source of heading or term Mandarin
Topical term or geographic name entry element Geography
700 ## - ADDED ENTRY--PERSONAL NAME
Personal name Hockerman, Dennis
Dates associated with a name illustrator
942 ## - ADDED ENTRY ELEMENTS (KOHA)
Source of classification or shelving scheme Dewey Decimal Classification
Koha item type Books
Suppress in OPAC No
Holdings
Withdrawn status Lost status Source of classification or shelving scheme Damaged status Not for loan Collection Home library Current library Shelving location Date acquired Total Checkouts Full call number Barcode Date last seen Date last checked out Copy number Price effective from Koha item type
    Dewey Decimal Classification     Juvenile Fiction Footprints International School Library Network Toul Tom Poung Campus Footprints International School Library Network Toul Tom Poung Campus TTP Primary Orange Bookshelves 08/14/2025 1 HAS 951 DS706 .H39 FIS03665 10/22/2025 10/08/2025 1 08/14/2025 Books